000 00709nam a2200217 a 4500
005 20210223124502.0
008 011023s1991 mx r 000 0 spa d
020 _a9686487638
035 _aUPN01000113380
049 _aCG
050 4 _aF1221 L2
_bM3.3
100 1 _aMarion Singer, Marie-Odile
_941382
245 1 4 _aLos hombres de la selva :
_bun estudio de tecnología cultural en medio selvático /
_cMarie-Odile Marion Singer.
260 _aMéxico :
_bINAH,
_c1991.
300 _a287 p. :
_bil.
440 0 _aRegiones de México
650 4 _aLACANDONES -
_xCONDICIONES ECONOMICAS
_918447
650 4 _aLACANDONES -
_xINDUSTRIAS
_918449
650 4 _aECOLOGIA HUMANA -
_zCHIAPAS
_918448
905 _aLibro
999 _c87288
_d87288